000 00293nam a22001217a 4500
008 180124b xxu||||| |||| 00| 0 eng d
041 _aeng
080 _a316
100 _a50
101 _aSOC
245 _aSOCIAL SKILLS ASSESMENT AND TRAINING WITH CHILDREN
_cLARRY.M
942 _2udc
_cBK
999 _c40875
_d40875